| 000 | 00369nam a2200145Ia 4500 | ||
|---|---|---|---|
| 008 | 230917s9999||||xx |||||||||||||| ||und|| | ||
| 040 |
_e95253 _aMAIN |
||
| 041 | _aEnglish | ||
| 082 | _a370.15 D26F | ||
| 100 | _aDash, M | ||
| 245 | 0 | _aFundamentals of educational psychology | |
| 260 |
_aNew Delhi _bAtlantic Publishers _c2003 |
||
| 300 | _axii, 428 p. | ||
| 942 | _cBK | ||
| 999 |
_c115046 _d115046 |
||